000 01251nam a2200325 a 4500
001 ebr10191530
003 CaPaEBR
006 m u
007 cr cn|||||||||
008 010905s2001 maua sb 001 0 eng
010 _z 2001276304
020 _z0884153150 (acid-free paper)
040 _aCaPaEBR
_cCaPaEBR
035 _a(OCoLC)162129834
050 1 4 _aTP692.3
_b.M38 2001eb
082 0 4 _a665.5
_221
100 1 _aMatar, Sami,
_d1922-
245 1 0 _aChemistry of petrochemical processes
_h[electronic resource] /
_cSami Matar, Lewis F. Hatch.
246 3 0 _aPetrochemical processes
250 _a2nd ed.
260 _aBoston :
_bGulf Professional Pub.,
_cc2001.
300 _axvi, 392 p. :
_bill.
504 _aIncludes bibliographical references and index.
533 _aElectronic reproduction.
_bPalo Alto, Calif. :
_cebrary,
_d2013.
_nAvailable via World Wide Web.
_nAccess may be limited to ebrary affiliated libraries.
650 0 _aPetroleum chemicals.
655 7 _aElectronic books.
_2local
700 1 _aHatch, Lewis F.
_q(Lewis Frederic),
_d1912-1991.
710 2 _aebrary, Inc.
856 4 0 _uhttp://site.ebrary.com/lib/rucke/Doc?id=10191530
_zAn electronic book accessible through the World Wide Web; click to view
999 _c113540
_d113540